| 000 | 00331nam a2200121Ia 4500 | ||
|---|---|---|---|
| 008 | 220216s9999 xx 000 0 und d | ||
| 100 |
_aKing I P _cet al |
||
| 245 | 0 | _aDetection of interchromosomal translocation within the Triticeae by RFLP analysis | |
| 260 |
_bGenome _c1994 |
||
| 300 | _a882-887 | ||
| 650 | _aRFLP | ||
| 942 | _cJS | ||
| 999 |
_c56860 _d56860 |
||